000
00336nam a22001457a 4500
008
210514b ||||| |||| 00| 0 eng d
020
_a
9780393956368
041
_a
eng
080
_2
2nd
_a
82
082
_2
82
100
_a
21
101
_a
GJL
245
_a
The Norton Anthology of Modern Poetry
_c
Richard Ellmann
942
_2
udc
_c
BK
999
_c
57344
_d
57344